Harry Potter e o Cálice de fogo (Record no. 43010)

MARC details
000 -Etiqueta do registo
Valores 00533nam a2200181 4500
100 ## - Dados gerais de processamento
Dados gerais 20240417 pory50
101 ## - Língua de publicação
Língua por
-- ing
102 ## - País de publicação
País PT
200 ## - Titulo e menção de responsabilidade
Título próprio Harry Potter e o Cálice de fogo
Título paralelo Ano quarto
Primeira menção de responsabilidade realiz. Mike Newel
Outras menções de responsabilidade prod. David Heyman
-- act.s : Daniel Radclife , Rupert Grant , Emma Watson
210 ## - Publicação
Nome do editor Warner Bros Pictures
215 ## - Descrição física 
Paginação / Volumes 1 DVD
300 ## - Notas gerais 
Texto da nota 157 mins <br/>M/12
314 ## - Responsabilidade Intelectual
Texto da nota baseado na obra de J.K. Rowling
675 ## - CDU
Notação 92-312.9
801 ## - Fonte de origem
País PT
Regras de catalogação RPC
990 ## - Elementos KOHA
Tipo de documento Filme DVD
Holdings
Aquisição Empréstimo Código de barras Cota Permissão de empréstimo Tipo de documento Nota relativa ao exemplar
Biblioteca Escolar Doutor Hernâni Cidade Biblioteca Escolar Doutor Hernâni Cidade 79785 FAN NEW   Filme DVD 194 Filme fantástico sobre o person. Harry Potter

Powered by Koha